Kỹ thuật phân tích thu hồi kim loại quí tinh khiết : Vàng - bạc - bạch kim

Sách được trình bày một cách có hệ thống và khoa học những kiến thức cơ bản có liên quan trực tiếp đến quá trình phân tích như: Các tính chất hóa lý học, hóa học của các kim loại quí hiếm và những ứng dụng của chúng trong đời sống, khoa...

Cur síos iomlán

Đã lưu trong:
Sonraí Bibleagrafaíochta
Príomhúdar: Nguyễn, Khương
Formáid: Leabhar
Teanga:Undetermined
Foilsithe: Hà Nội Khoa học và Kỹ thuật 2002
Ábhair:
Clibeanna: Cuir Clib Leis
Gan Chlibeanna, Bí ar an gcéad duine leis an taifead seo a chlibeáil!
Thư viện lưu trữ: Trung tâm Học liệu Trường Đại học Cần Thơ
LEADER 01089nam a2200229Ia 4500
001 CTU_148123
008 210402s9999 xx 000 0 und d
020 |c 17000 
082 |a 669.2 
082 |b Kh561 
100 |a Nguyễn, Khương 
245 0 |a Kỹ thuật phân tích thu hồi kim loại quí tinh khiết : 
245 0 |b Vàng - bạc - bạch kim 
245 0 |c Nguyễn Khương 
260 |a Hà Nội 
260 |b Khoa học và Kỹ thuật 
260 |c 2002 
520 |a Sách được trình bày một cách có hệ thống và khoa học những kiến thức cơ bản có liên quan trực tiếp đến quá trình phân tích như: Các tính chất hóa lý học, hóa học của các kim loại quí hiếm và những ứng dụng của chúng trong đời sống, khoa học, kỹ thuật. 
650 |a Nonferrous metals,Kim loại màu 
650 |x Metallurgy,Luyện kim 
904 |i Trọng Hải 
980 |a Trung tâm Học liệu Trường Đại học Cần Thơ